000 00423nam a2200181Ia 4500
001 3239
005 20260306144906.0
008 260306t2015||||xx |||||||||||||| ||spa||
041 _aESP
082 _a262.91
_bF81M
100 _aFrancisco I, Papa
_eAUT
245 0 _aMisericordiosos como el padre
260 _c2015
300 _a160 páginas :
_c24 cm.
650 _aGEN
654 _aCHU
942 _cLIB
_dJUS
_fJUS
_2ddc
_n
999 _c3239
_d3239